[Event "Chigorin Memorial"]
[Site "Sochi RUS"]
[Date "1977.??.??"]
[Round "?"]
[White "Rashkovsky, Nukhim N"]
[Black "Petrosian, Tigran V"]
[Result "1/2-1/2"]
[WhiteElo "2510"]
[BlackElo "2645"]
[PlyCount "27"]
[EventDate "1977.08.31"]
[Source "www.chesslib.no"]
[SourceDate "2004.05.04"]

1. d4 d5 2. c4 dxc4 3. Nf3 Nf6 4. e3 e6 5. Bxc4 c5 6. O-O a6 7. a4 Nc6 8. Qe2 cxd4 9. Rd1 Be7 10. exd4 O-O 11. Nc3 Nd5 12. Qe4 Ncb4 13. Qg4 g6 14. Bh6 1/2-1/2

[Event "Beer Sheva ISR, World Team Ch"]
[Site "?"]
[Date "2005.11.09"]
[Round "8"]
[White "Kaidanov Gregory S"]
[Black "Nogueiras Jesus"]
[Result "1/2-1/2"]
[WhiteElo "2608"]
[BlackElo "2547"]
[PlyCount "135"]
[EventDate "2005.??.??"]
[Source "www.chesslib.no"]
[SourceDate "2004.05.04"]

1. d4 d5 2. c4 dxc4 3. e3 Nf6 4. Bxc4 e6 5. Nf3 c5 6. O-O a6 7. a4 Nc6 8. Qe2 Qc7 9. b3 cxd4 10. exd4 Be7 11. Nc3 O-O 12. Bb2 Rd8 13. Rfd1 Nd5 14. Ne4 Bd7 15. Rac1 Be8 16. g3 Rac8 17. Bd3 Qb6 18. Nc5 Bf6 19. Bb1 Nxd4 20. Nxd4 Rxc5 21. Rxc5 Qxc5 22. Qd3 Kf8 23. Qxh7 Nc3 24. Nxe6+ fxe6 25. Rxd8 Bxd8 26. Qh8+ Kf7 27. Bg6+ Kxg6 28. Qxe8+ Kh7 29. Qxd8 Ne2+ 30. Kf1 Qc2 31. Bxg7 Kxg7 32. Qe7+ Kh8 33. Qf6+ Kh7 34. Qf7+ Kh8 35. Qh5+ Kg7 36. Qxe2 Qxb3 37. Qe5+ Kf7 38. a5 b5 39. axb6 Qxb6 40. h4 a5 41. g4 Qb3 42. Qc7+ Kg8 43. Qxa5 Qd1+ 44. Qe1 Qxg4 45. Qe5 Qxh4 46. Qxe6+ Kf8 47. Kg2 Qg5+ 48. Kf3 Qh5+ 49. Kg3 Qg5+ 50. Qg4 Qb5 51. Kh4 Qf1 52. f3 Kf7 53. Qd7+ Kf6 54. Qd6+ Kf7 55. Kg4 Qg2+ 56. Qg3 Qf1 57. Qf4+ Kg6 58. Qe4+ Kf6 59. Qf5+ Kg7 60. Qe5+ Kg6 61. Qe6+ Kg7 62. Qe5+ Kg6 63. Kf4 Qc1+ 64. Kg4 Qg1+ 65. Kh3 Qh1+ 66. Kg3 Qg1+ 67. Kf4 Qh2+ 68. Ke4 1/2-1/2

[Event "European Club Cup 2002"]
[Site "?"]
[Date "2002.09.24"]
[Round "3"]
[White "Kosic Dragan"]
[Black "Kharlov Andrei"]
[Result "0-1"]
[WhiteElo "2542"]
[BlackElo "2609"]
[PlyCount "42"]
[EventDate "2002.??.??"]
[Source "www.chesslib.no"]
[SourceDate "2004.05.04"]

1. d4 d5 2. Nf3 Nf6 3. c4 dxc4 4. e3 e6 5. Bxc4 c5 6. O-O a6 7. a4 Nc6 8. Qe2 cxd4 9. Rd1 Be7 10. exd4 O-O 11. Nc3 Nd5 12. Bd3 Ncb4 13. Bb1 b6 14. Qe4 g6 15. Bh6 Re8 16. Ne5 Bg5 17. Qf3 Ra7 18. Bxg5 Qxg5 19. Be4 Rc7 20. Rac1 Rf8 21. Nxd5 Rxc1 0-1

[Event "Calviá ol (Men)"]
[Site "Mallorca"]
[Date "2004.10.20"]
[Round "6.13"]
[White "Kaidanov, Gregory S"]
[Black "Stevic, Hrvoje"]
[Result "1-0"]
[WhiteElo "2611"]
[BlackElo "2539"]
[PlyCount "71"]
[EventDate "2004.10.15"]
[Source "Roberto Alvarez"]
[SourceDate "2004.10.25"]

1. d4 d5 2. c4 dxc4 3. e3 Nf6 4. Bxc4 e6 5. Nf3 c5 6. O-O a6 7. a4 Nc6 8. Qe2 Qc7 9. b3 Bd6 10. dxc5 Bxc5 11. Bb2 O-O 12. Rc1 b6 13. Nbd2 Bb7 14. Bxf6 gxf6 15. Ne4 Be7 16. Qb2 Kg7 17. Ng3 Rg8 18. Nh5+ Kh6 19. Nf4 Qb8 20. Bf1 Ne5 21. Ne1 f5 22. Qe2 Ng4 23. Rd1 Bd6 24. g3 Nf6 25. Bg2 Be4 26. f3 Bb7 27. Rac1 a5 28. Nfd3 Kg6 29. e4 Nd7 30. Nc2 fxe4 31. fxe4 Ne5 32. Nxe5+ Bxe5 33. Ne3 Kg7 34. Qh5 Bc8 35. Ng4 f6 36. Qh6+ 1-0

[Event "HUN-ch"]
[Site "HUN"]
[Date "1984.??.??"]
[Round "1"]
[White "Farago, Ivan"]
[Black "Portisch, Lajos"]
[Result "1/2-1/2"]
[WhiteElo "2525"]
[BlackElo "2625"]
[PlyCount "30"]
[EventDate "1984.03.??"]
[Source "ChessBase"]

1. d4 d5 2. c4 dxc4 3. Nf3 Nf6 4. e3 e6 5. Bxc4 c5 6. O-O a6 7. a4 Be7 8. Qe2 cxd4 9. exd4 Nc6 10. Rd1 O-O 11. Nc3 Nd5 12. Qe4 Nf6 13. Qe2 Nd5 14. Qe4 Nf6 15. Qe2 Nd5 1/2-1/2

[Event "Goodricke 13th op"]
[Site "Calcutta"]
[Date "2002.03.27"]
[Round "11"]
[White "Kuzmin, Alexey"]
[Black "Sulskis, Sarunas"]
[Result "1/2-1/2"]
[WhiteElo "2568"]
[BlackElo "2579"]
[PlyCount "33"]
[EventDate "2002.03.17"]
[Source "ChessBase"]
[SourceDate "2002.03.21"]

1. d4 d5 2. c4 dxc4 3. Nf3 Nf6 4. e3 e6 5. Bxc4 c5 6. O-O a6 7. a4 Be7 8. Qe2 cxd4 9. exd4 Bd7 10. Nc3 O-O 11. Rd1 Bc6 12. Ne5 Bd5 13. Nxd5 exd5 14. Bd3 Re8 15. Bg5 Nbd7 16. Qf3 Nf8 17. Be3 1/2-1/2

[Event "Biel"]
[Site "Biel"]
[Date "1987.??.??"]
[Round "?"]
[White "Hort, Vlastimil"]
[Black "Chandler, Murray G"]
[Result "1/2-1/2"]
[WhiteElo "2570"]
[BlackElo "2575"]
[PlyCount "66"]
[EventDate "1987.07.??"]
[Source "ChessBase"]

1. d4 d5 2. c4 dxc4 3. Nf3 Nf6 4. e3 e6 5. Bxc4 c5 6. O-O a6 7. a4 Nc6 8. Qe2 cxd4 9. Rd1 Be7 10. exd4 O-O 11. Nc3 Nd5 12. Bb3 Ncb4 13. Ne5 Bd7 14. Nxd5 Nxd5 15. Rd3 Rc8 16. Bd2 Bc6 17. Re1 Bf6 18. Ng4 Bg5 19. Ne5 Bxd2 20. Qxd2 Nf6 21. Rc1 Bd5 22. Rxc8 Qxc8 23. h3 Bxb3 24. Rxb3 Nd5 25. Rg3 Qc7 26. Rf3 f6 27. Nd3 Qc6 28. a5 Rd8 29. Qe2 Nc7 30. Qe3 Qd5 31. Nc5 Re8 32. Rf4 e5 33. Re4 Nb5 1/2-1/2

[Event "Mar del Plata ARG"]
[Site "Mar del Plata ARG"]
[Date "1982.??.??"]
[Round "?"]
[White "Najdorf, Miguel"]
[Black "Portisch, Lajos"]
[Result "1-0"]
[WhiteElo "2510"]
[BlackElo "2630"]
[PlyCount "28"]
[EventDate "1982.??.??"]
[Source "www.chesslib.no"]
[SourceDate "2004.05.04"]

1. Nf3 d5 2. d4 Nf6 3. c4 e6 4. e3 dxc4 5. Bxc4 c5 6. O-O a6 7. a4 Nc6 8. Nc3 Be7 9. Qd3 O-O 10. Rd1 cxd4 11. exd4 Nb4 12. Qe2 b6 13. Bf4 Bb7 14. Rac1 Nfd5 1-0

[Event "Biel"]
[Site "Biel"]
[Date "1987.??.??"]
[Round "?"]
[White "Lobron, Eric"]
[Black "Huebner, Robert"]
[Result "1/2-1/2"]
[WhiteElo "2530"]
[BlackElo "2610"]
[PlyCount "56"]
[EventDate "1987.07.??"]
[Source "ChessBase"]

1. d4 d5 2. Nf3 Nf6 3. c4 dxc4 4. e3 e6 5. Bxc4 a6 6. a4 c5 7. O-O Nc6 8. Qe2 Qc7 9. Nc3 Bd6 10. h3 O-O 11. Rd1 b6 12. d5 exd5 13. Nxd5 Nxd5 14. Bxd5 Bb7 15. b3 Rad8 16. Bb2 Nd4 17. Nxd4 Bxd5 18. Nf5 Bh2+ 19. Kh1 Be5 20. e4 Bxb3 21. Rd6 Rxd6 22. Bxe5 Rd1+ 23. Rxd1 Qxe5 24. Rd6 Bxa4 25. f4 Qxf4 26. Qb2 f6 27. Qa2+ Kh8 28. Qf7 Qf1+ 1/2-1/2

[Event "Selfoss Milk Masters 2nd"]
[Site "Selfoss"]
[Date "2003.10.30"]
[Round "2"]
[White "Sokolov, Ivan"]
[Black "Thorhallsson, Throstur"]
[Result "1/2-1/2"]
[WhiteElo "2695"]
[BlackElo "2444"]
[PlyCount "66"]
[EventDate "2003.10.29"]
[Source "ChessBase"]
[SourceDate "2004.02.03"]

1. d4 d5 2. c4 dxc4 3. e3 Nf6 4. Bxc4 e6 5. Nf3 a6 6. O-O c5 7. a4 Nc6 8. Qe2 cxd4 9. Rd1 Be7 10. exd4 O-O 11. Nc3 Qc7 12. Bg5 h6 13. Bh4 Nh5 14. Bxe7 Nxe7 15. Ba2 Nf6 16. Rac1 Qd6 17. Ne5 Bd7 18. Bb1 Ned5 19. Nxd5 exd5 20. a5 Rac8 21. Qd2 Rxc1 22. Rxc1 Rc8 23. Rxc8+ Bxc8 24. f3 Be6 25. Qc3 g6 26. Qc5 Qd8 27. h3 Nd7 28. Qd6 Qh4 29. Nxd7 Qxd4+ 30. Kh1 Bxd7 31. Qxd7 Qd1+ 32. Kh2 Qxb1 33. Qxd5 Qf5 1/2-1/2

[Event "Hastings"]
[Site "Hastings"]
[Date "2002.01.02"]
[Round "5"]
[White "Hebden, Mark"]
[Black "Sasikiran, Krishnan"]
[Result "1/2-1/2"]
[WhiteElo "2567"]
[BlackElo "2569"]
[PlyCount "38"]
[EventDate "2001.12.29"]
[Source "ChessBase"]
[SourceDate "2002.03.21"]

1. d4 d5 2. c4 dxc4 3. Nf3 Nf6 4. e3 e6 5. Bxc4 c5 6. O-O a6 7. a4 Nc6 8. Nc3 cxd4 9. exd4 Be7 10. Re1 O-O 11. Bg5 Nb4 12. Qe2 b6 13. Rad1 Ra7 14. Ne5 Nfd5 15. Bd2 Rc7 16. Nxd5 exd5 17. Bb3 Be6 18. Rc1 Bd6 19. h3 a5 1/2-1/2

[Event "chT"]
[Site "chT"]
[Date "1995.??.??"]
[Round "3"]
[White "Siegel, Georg"]
[Black "Huebner, Robert"]
[Result "1/2-1/2"]
[WhiteElo "2505"]
[BlackElo "2620"]
[PlyCount "35"]
[EventDate "1995.??.??"]
[Source "www.chesslib.no"]
[SourceDate "2004.05.04"]

1. d4 d5 2. c4 dxc4 3. Nf3 a6 4. e3 Nf6 5. Bxc4 e6 6. O-O c5 7. a4 Nc6 8. Qe2 e5 9. Nc3 Ra7 10. d5 Qxd5 11. Kh1 h5 12. Ne4 h4 13. Nd4 Na5 14. b3 Qc6 15. Bb2 Be7 16. Bd3 Bd7 17. Qd2 exd4 18. Nxc5 1/2-1/2

[Event "Campionato europeo 2007"]
[Site "Dresda GER"]
[Date "2007.04.09"]
[Round "7.43"]
[White "Potkin, Vladimir"]
[Black "Mista, Aleksander"]
[Result "1/2-1/2"]
[WhiteElo "2593"]
[BlackElo "2532"]
[PlyCount "40"]
[EventDate "2007.04.03"]
[Source "www.chesslib.no"]
[SourceDate "2004.05.04"]

1. d4 d5 2. c4 dxc4 3. e3 Nf6 4. Bxc4 e6 5. Nf3 c5 6. O-O a6 7. a4 Nc6 8. Qe2 cxd4 9. Rd1 Be7 10. exd4 Nb4 11. Nc3 O-O 12. Ne5 b6 13. Qf3 Ra7 14. Qg3 Nh5 15. Qh3 Nf6 16. Ra3 Rc7 17. Qg3 Nh5 18. Qg4 Nf6 19. Qg5 Nh5 20. Qg4 Nf6 1/2-1/2

[Event "Elista ol (Men)"]
[Site "Elista"]
[Date "1998.10.07"]
[Round "9"]
[White "Pinter, Jozsef"]
[Black "Makarov, Marat"]
[Result "1-0"]
[WhiteElo "2595"]
[BlackElo "2530"]
[PlyCount "85"]
[EventDate "1998.09.29"]
[Source "ChessBase"]
[SourceDate "1998.11.06"]

1. d4 d5 2. c4 dxc4 3. Nf3 e6 4. e3 c5 5. Bxc4 a6 6. a4 Nf6 7. O-O Nc6 8. Qe2 cxd4 9. Rd1 Be7 10. exd4 O-O 11. Nc3 Nd5 12. Bb3 Re8 13. Ne5 Nxc3 14. bxc3 Nxe5 15. dxe5 Qc7 16. Rd3 b6 17. Rh3 g6 18. Qe3 Bf8 19. Qg3 Bg7 20. Bf4 Bb7 21. Re1 Qc6 22. Bg5 Rad8 23. Bxd8 Rxd8 24. Qg5 Rd2 25. Rg3 Qd7 26. Qe3 Bf8 27. Re2 Rxe2 28. Qxe2 Be7 29. h3 Qc6 30. Qg4 Qc5 31. Qd4 Qc7 32. Kh1 Kg7 33. Rd3 Qc6 34. f3 Qc7 35. Qd7 Qxe5 36. Qxe7 Qe1+ 37. Kh2 Qe5+ 38. f4 Qxf4+ 39. Rg3 h5 40. Qb4 Be4 41. Qd4+ e5 42. Qe3 f5 43. Qxb6 1-0

[Event "57th ch-RUS Qualifier"]
[Site "Tomsk"]
[Date "2004.05.25"]
[Round "3"]
[White "Kosyrev, Vladimir"]
[Black "Rustemov, Alexander"]
[Result "1/2-1/2"]
[WhiteElo "2529"]
[BlackElo "2593"]
[PlyCount "65"]
[EventDate "2004.05.23"]
[Source "Roberto Alvarez"]
[SourceDate "2004.05.31"]

1. d4 d5 2. c4 dxc4 3. e3 c5 4. Bxc4 e6 5. Nf3 Nf6 6. O-O a6 7. a4 Nc6 8. Qe2 Qc7 9. Rd1 Bd6 10. dxc5 Bxc5 11. b3 b6 12. Bb2 Bb7 13. Nbd2 O-O 14. Rac1 Rfd8 15. Bxf6 gxf6 16. Ne4 Rxd1+ 17. Qxd1 Be7 18. h3 Qd8 19. Qe2 Na5 20. Ng3 Kh8 21. Rd1 Qc7 22. Rd4 Nxc4 23. Rxc4 Qd8 24. Rd4 Qe8 25. Rh4 Qg8 26. Qc4 Bd5 27. Qd4 Bxb3 28. Qxb6 Qb8 29. Qa5 Bd5 30. Qc3 Qb3 31. Qc7 Qb7 32. Qc2 f5 33. Qc3+ 1/2-1/2

[Event "RUS-ch"]
[Site "Elista"]
[Date "1994.??.??"]
[Round "5"]
[White "Burmakin, Vladimir"]
[Black "Rublevsky, Sergei"]
[Result "1-0"]
[WhiteElo "2555"]
[BlackElo "2565"]
[PlyCount "93"]
[EventDate "1994.09.??"]
[Source "ChessBase"]

1. d4 d5 2. Nf3 Nf6 3. c4 dxc4 4. e3 e6 5. Bxc4 c5 6. O-O a6 7. a4 Nc6 8. Qe2 Be7 9. dxc5 Bxc5 10. e4 Ng4 11. Nbd2 Qc7 12. Nb3 Ba7 13. Bg5 Bd7 14. Rac1 Bb8 15. g3 Ba7 16. Bd5 O-O 17. Bxc6 Bxc6 18. Nfd4 Ne5 19. Bf4 f6 20. Nxc6 bxc6 21. Nc5 Qe7 22. Nxa6 Bd4 23. b4 Qb7 24. b5 cxb5 25. axb5 Rfc8 26. Nb4 Ng6 27. Bd2 Ne5 28. Rfd1 f5 29. Rxc8+ Rxc8 30. Bf4 fxe4 31. Bxe5 Bxe5 32. Nc6 Bf6 33. Qxe4 Re8 34. Qc4 Qb6 35. Rd6 Kh8 36. Rxe6 Rf8 37. Qe2 h6 38. Re8 Rxe8 39. Qxe8+ Kh7 40. Qe4+ g6 41. Qc4 Kg7 42. Qd5 h5 43. Ne5 Bd8 44. Qf7+ Kh6 45. Qf8+ Kh7 46. Nf7 Bf6 47. Qh6+ 1-0

[Event "TCh-BIH"]
[Site "Jahorina"]
[Date "2003.06.22"]
[Round "3"]
[White "Atalik, Suat"]
[Black "Stevic, Hrvoje"]
[Result "0-1"]
[WhiteElo "2568"]
[BlackElo "2550"]
[PlyCount "78"]
[EventDate "2003.06.21"]
[Source "Roberto Alvarez"]
[SourceDate "2003.07.07"]

1. d4 d5 2. c4 dxc4 3. Nf3 Nf6 4. e3 e6 5. Bxc4 c5 6. O-O a6 7. a4 Nc6 8. Qe2 Qc7 9. Bd2 Ne4 10. Nc3 Nxd2 11. Qxd2 cxd4 12. exd4 Nb4 13. Rac1 Qxc4 14. Nb5 axb5 15. Rxc4 bxc4 16. Rc1 Nd5 17. Rxc4 f6 18. a5 Bd7 19. h4 Bd6 20. b4 O-O 21. g3 Rfc8 22. Rc5 b6 23. axb6 Nxb6 24. Rxc8+ Bxc8 25. Ne1 Bb7 26. Kh2 Ra1 27. Ng2 Bd5 28. b5 Nc4 29. Qc2 h5 30. f3 Ne3 31. Qc8+ Kh7 32. Nxe3 Bxf3 33. Qc2+ f5 34. Ng2 Bd5 35. Qc8 Ra2 36. Kg1 Bxg3 37. Qc1 Rxg2+ 38. Kf1 Rf2+ 39. Kg1 Rh2 0-1

[Event "Russia (ch) 82/349"]
[Site "?"]
[Date "2001.??.??"]
[Round "?"]
[White "Aseev, K."]
[Black "Vaulin, A."]
[Result "1-0"]
[WhiteElo "2577"]
[BlackElo "2540"]
[PlyCount "157"]
[EventDate "2001.??.??"]
[Source "Chess Informant"]
[SourceDate "2001.06.01"]

1. d4 d5 2. c4 dxc4 3. Nf3 e6 4. e3 c5 5. Bxc4 Nf6 6. O-O a6 7. a4 Nc6 8. Qe2 cxd4 9. Rd1 Be7 10. exd4 O-O 11. Nc3 Nd5 12. Bb3 Ncb4 13. Ne5 Bd7 14. Nxd5 exd5 15. Qf3 Be6 16. Bd2 Nc6 17. Bc3 Rc8 18. a5 Qd6 19. Nd3 Qd7 20. h3 Bd6 21. Rd2 Rfd8 22. Bc2 g6 23. Nf4 Bxf4 24. Qxf4 Re8 25. f3 Qc7 26. Qxc7 Rxc7 27. g4 f6 28. Re1 Rce7 29. Kf2 Bf7 30. Rxe7 Rxe7 31. h4 Kg7 32. Bb3 h5 33. gxh5 gxh5 34. Rd1 Rd7 35. Rg1+ Bg6 36. Ba4 Rc7 37. Bb3 Rd7 38. Ke3 Kf7 39. Kf4 Ne7 40. Bb4 Nc6 41. Ba4 Bd3 42. Bc5 Rc7 43. Rd1 Bh7 44. Re1 Bg6 45. Re3 Bb1 46. b4 Bg6 47. Kg3 Ne7 48. Bxe7 Rxe7 49. Rxe7+ Kxe7 50. b5 axb5 51. Bxb5 Kd6 52. Kf4 Kc7 53. Ba4 Kd6 54. Ke3 Kc7 55. Kd2 Kd6 56. Kc3 Bf7 57. Bc2 Kc7 58. Kb4 b6 59. a6 Kb8 60. Kb5 Ka7 61. Kc6 Kxa6 62. Kd7 Kb5 63. Ke7 Bg8 64. Kxf6 Kc4 65. Ke5 b5 66. Bg6 b4 67. Bxh5 b3 68. Bg6 b2 69. Bb1 Bf7 70. f4 Kc3 71. f5 Kd2 72. f6 Ke3 73. h5 Bxh5 74. Kxd5 Bf7+ 75. Ke5 Bc4 76. d5 Bd3 77. f7 Bxb1 78. f8=Q Bc2 79. Qa3+ 1-0

[Event "Baden"]
[Site "Vienna"]
[Date "1980.??.??"]
[Round "6"]
[White "Seirawan, Yasser"]
[Black "Gheorghiu, Florin"]
[Result "1/2-1/2"]
[WhiteElo "2510"]
[BlackElo "2605"]
[PlyCount "32"]
[EventDate "1980.??.??"]
[Source "ChessBase"]

1. d4 d5 2. Nf3 Nf6 3. c4 dxc4 4. e3 e6 5. Bxc4 c5 6. O-O a6 7. a4 Nc6 8. Nc3 Be7 9. Qe2 cxd4 10. Rd1 e5 11. exd4 exd4 12. Nxd4 Nxd4 13. Qe3 O-O 14. Rxd4 Qc7 15. Qf4 Qxf4 16. Bxf4 Bc5 1/2-1/2

[Event "Kazan RUS"]
[Site "?"]
[Date "2006.06.08"]
[Round "8"]
[White "Bocharov Dmitry"]
[Black "Kharlov Andrei"]
[Result "1/2-1/2"]
[WhiteElo "2559"]
[BlackElo "2555"]
[PlyCount "27"]
[EventDate "2006.??.??"]
[Source "www.chesslib.no"]
[SourceDate "2004.05.04"]

1. d4 d5 2. Nf3 e6 3. c4 dxc4 4. e3 a6 5. Bxc4 c5 6. O-O Nf6 7. a4 cxd4 8. exd4 Nc6 9. Nc3 Be7 10. Re1 O-O 11. Bg5 Bd7 12. Ne5 Rc8 13. Bb3 Be8 14. Be3 1/2-1/2

[Event "MK Cafe op-A"]
[Site "Koszalin"]
[Date "1997.08.11"]
[Round "10"]
[White "Kempinski, Robert"]
[Black "Sherbakov, Ruslan"]
[Result "1/2-1/2"]
[WhiteElo "2530"]
[BlackElo "2580"]
[PlyCount "28"]
[EventDate "1997.08.03"]
[Source "ChessBase"]
[SourceDate "1997.09.26"]

1. d4 d5 2. Nf3 e6 3. c4 dxc4 4. e3 a6 5. a4 Nf6 6. Bxc4 c5 7. O-O Nc6 8. Qe2 Be7 9. Rd1 O-O 10. Nc3 Qc7 11. Bd2 Rd8 12. dxc5 Bxc5 13. Rac1 b6 14. Na2 a5 1/2-1/2

[Event "SUI-chT"]
[Site "SUI"]
[Date "1995.??.??"]
[Round "3"]
[White "Siegel, Georg"]
[Black "Huebner, Robert"]
[Result "1/2-1/2"]
[WhiteElo "2480"]
[BlackElo "2630"]
[PlyCount "35"]
[EventDate "1995.??.??"]
[Source "ChessBase"]

1. d4 d5 2. c4 dxc4 3. Nf3 a6 4. e3 Nf6 5. Bxc4 e6 6. O-O c5 7. a4 Nc6 8. Qe2 Qc7 9. Nc3 Bd6 10. dxc5 Bxc5 11. Ng5 O-O 12. Nce4 Nxe4 13. Nxe4 Bb4 14. b3 Ne5 15. Bb2 f5 16. Bxe5 Qxe5 17. Ng5 Qf6 18. f4 1/2-1/2

[Event "Yerevan (ol)"]
[Site "?"]
[Date "1996.??.??"]
[Round "?"]
[White "Janjgava, L."]
[Black "Sadler, M."]
[Result "0-1"]
[WhiteElo "2495"]
[BlackElo "2615"]
[PlyCount "82"]
[EventDate "1996.??.??"]
[Source "ChessBase"]
[SourceDate "1996.06.01"]

1. d4 d5 2. Nf3 Nf6 3. c4 dxc4 4. e3 e6 5. Bxc4 c5 6. O-O a6 7. a4 Nc6 8. Qe2 Qc7 9. Nc3 Bd6 10. Rd1 O-O 11. h3 b6 12. d5 exd5 13. Bxd5 Bb7 14. e4 Rae8 15. Be3 Bf4 16. Rac1 h6 17. Bxf4 Qxf4 18. Bxc6 Bxc6 19. Qxa6 Nxe4 20. Qxb6 Re6 21. Nxe4 Bxe4 22. Qb3 Rg6 23. Ne1 Rb8 24. Qc4 Rxb2 25. Qf1 Rb3 26. f3 Bxf3 27. Qf2 Re3 28. Ra1 Kh7 29. a5 Qe4 30. Rd2 Qe5 31. Nxf3 Qxa1+ 32. Kh2 Ra3 33. Qxc5 Rxa5 34. Qc8 Qf6 35. Rd8 Qf4+ 36. Kh1 Ra1+ 37. Ng1 Re6 38. Qc2+ Qe4 39. Qc3 Qe1 40. Qd3+ Rg6 41. Qd4 Qf1 0-1